POHOTOVOSTNÉ OPERÁCIE TRÁVIACEHO APARÁTU

Bibliographic Details
Main Author: Holt, David (Author)
Format: Article
Language:Slovak

MARC

LEADER 00000nab a2200000ua 4500
001 vtls010794460
003 SK-MaSNL
005 20260303122140.0
008 230207s2009 xo |||||||||||||||||slo|
035 |a (urnnbn)urn:nbn:sk:snk:ar-a03v70 
035 |a (uuid)f19b7377-708c-44e3-9e78-72de28f9f0b8 
035 |a urn:nbn:sk:snk-ab5fcs 
040 |a SNKBUCL  |b slo  |c SNKBUCL  |e AACR2 
041 0 |a slo 
044 |a xo  |c SK 
100 1 |a Holt, David  |4 aut  |9 1136490 
245 1 0 |a POHOTOVOSTNÉ OPERÁCIE TRÁVIACEHO APARÁTU  |c David Holt 
773 0 |t Slovenský veterinársky časopis : odborný dvojmesačník pre veterinárnu starostlivosť, zdravie zvierat, veterinárnu farmáciu, dietetiku, welfare, hygienu potravín, potravinový dozor a veterinárnu prax  |g Roč. 34, č. 6 (2009), s. 389-391 
954 |a odborná, vedecká literatúra cudzojazyčná (svetová)  |2 lita 
958 |a OND 
958 |a EUIPO 
958 |a article3 
999 |c 1919356  |d 1921286